000 00325pab a2200145 454500
008 180718b2004 xxu||||| |||| 00| 0 eng d
100 _aSingh, Prakash
245 _aPolice reforms' raison d'etre
260 _c2004
300 _ap.99-108.
362 _aJul-Sep
650 _aPolice
773 _aDialogue
909 _a62891
999 _c62891
_d62891